00649nam a2200217Ia 4500008004100000020002100041050001700062050001400079100002700093245003800120245002500158260001300183260001700196260000900213300001600222300001100238500002000249650002800269999001900297952011500316180523s9999 xx 000 0 und d a978-007-126250-7 aMAIN QD 31.3 b.S55 2007 aSilberberg, Martin S.  0aPrinciples of general chemistry / 0cMartin S. Silberberg aBoston : bMcGraw-Hill, c2007 a972 pages : c26 cm. aIncludes index. aChemistry -- Textbooks. c357538d357538 001040aSMCbSMCcMAINd2008-05-31l0oMAIN QD 31.3 .S55 2007pSMC05177r2018-05-23 00:00:00w2018-05-23yBK